The process of agricultural development and its impact on the poor people pouk district, siemreap province, ដំណើរការអភិវឌ្ឍន៍កសិកម្ម និងឥទ្ធិពលទៅលើកំរិតជីវភាពក្រីក្រ របស់ប្រជាជន នៅស្រុកពួក ខេត្តសៀមរាប. (Record no. 4511)

000 -LEADER
fixed length control field 00798nam a22001577a 4500
003 - CONTROL NUMBER IDENTIFIER
control field OSt
005 - DATE AND TIME OF LATEST TRANSACTION
control field 20151214151329.0
008 - FIXED-LENGTH DATA ELEMENTS--GENERAL INFORMATION
fixed length control field 151214b xxu||||| |||| 00| 0 eng d
040 ## - CATALOGING SOURCE
Transcribing agency RUA
082 ## - DEWEY DECIMAL CLASSIFICATION NUMBER
Classification number AED SOR 2005 B220 Or.1
100 ## - MAIN ENTRY--PERSONAL NAME
9 (RLIN) 4851
Personal name SOR SOPHEAKMANI; សូរ សុភ័ក្រ្តម៉ានី
245 ## - TITLE STATEMENT
Title The process of agricultural development and its impact on the poor people pouk district, siemreap province, ដំណើរការអភិវឌ្ឍន៍កសិកម្ម និងឥទ្ធិពលទៅលើកំរិតជីវភាពក្រីក្រ របស់ប្រជាជន នៅស្រុកពួក ខេត្តសៀមរាប.
260 ## - PUBLICATION, DISTRIBUTION, ETC. (IMPRINT)
Place of publication, distribution, etc. Phnom Penh
Name of publisher, distributor, etc. RUA
Date of publication, distribution, etc. 2005
300 ## - PHYSICAL DESCRIPTION
Extent x; 56p.
Other physical details ill.
Dimensions 29cm.
942 ## - ADDED ENTRY ELEMENTS (KOHA)
Source of classification or shelving scheme
Koha item type AED
Holdings
Price effective from Date last seen Permanent Location Not for loan Date acquired Source of classification or shelving scheme Koha item type Barcode Lost status Damaged status Shelving location Withdrawn status Current Location Full call number
2015-12-142015-12-14Library Block B 2015-12-14 AEDRUA030025  B220 Library Block BAED SOR 2005 B220 Or.1
2015-12-142015-12-14Library Block B 2015-12-14 AEDRUA030185  B220 Library Block BAED SOR 2005 B220 Or.2
2015-12-142015-12-14Library Block B 2015-12-14 AEDRUA031918  B220 Library Block BAED SOR 2005 B220 Or.3
2016-10-262016-10-26Library Block C 2016-10-26 AEDA02307    Library Block CAED SOR 2005 B220 Or.4
មជ្ឈមណ្ឌលឯការនៃសាកលវិទ្យាល័យភូមិន្ទកសិកម្មចំការដូង

Powered by Koha